[Event "TICF"]
[Site "FAMALICAO"]
[Date "2023.07.26"]
[Round "4.1"]
[White "MARTINEZ DUANY, Lelys"]
[Black "PINHO, Paulo"]
[Result "1-0"]
[BlackElo "2162"]
[WhiteElo "2490"]
[LiveChessVersion "1.4.8"]

1. Nf3 {[%clk 1:30:57]} Nf6 {[%clk 1:29:58]} 2. c4 {[%clk 1:31:14]} g6
{[%clk 1:29:56]} 3. b4 {[%clk 1:31:26]} Bg7 {[%clk 1:29:56]} 4. Bb2
{[%clk 1:31:50]} O-O {[%clk 1:29:15]} 5. e3 {[%clk 1:32:00]} b6 {[%clk 1:27:20]}
6. Be2 {[%clk 1:32:19]} Bb7 {[%clk 1:27:16]} 7. O-O {[%clk 1:32:36]} d6
{[%clk 1:26:25]} 8. d4 {[%clk 1:30:55]} e6 {[%clk 1:17:32]} 9. Nc3
{[%clk 1:29:40]} Nbd7 {[%clk 1:17:34]} 10. Qb3 {[%clk 1:29:41]} Qe7
{[%clk 1:05:08]} 11. Rfd1 {[%clk 1:30:00]} a6 {[%clk 0:49:56]} 12. Rac1
{[%clk 1:28:58]} Rab8 {[%clk 0:47:29]} 13. a4 {[%clk 1:24:21]} Rfe8
{[%clk 0:38:59]} 14. Qa3 {[%clk 1:18:47]} c5 {[%clk 0:36:22]} 15. Ba1
{[%clk 1:15:38]} h5 {[%clk 0:31:16]} 16. a5 {[%clk 1:15:15]} d5 {[%clk 0:29:22]}
17. bxc5 {[%clk 1:14:32]} bxc5 {[%clk 0:28:21]} 18. cxd5 {[%clk 1:14:51]} exd5
{[%clk 0:27:30]} 19. Rb1 {[%clk 1:13:20]} c4 {[%clk 0:26:54]} 20. Qxe7
{[%clk 1:13:40]} Rxe7 {[%clk 0:27:19]} 21. Bb2 {[%clk 1:12:35]} Ba8
{[%clk 0:26:02]} 22. Ba3 {[%clk 1:12:50]} Ree8 {[%clk 0:26:29]} 23. Nd2
{[%clk 1:09:42]} Rbc8 {[%clk 0:25:29]} 24. h4 {[%clk 1:08:48]} Nb8
{[%clk 0:23:09]} 25. Bd6 {[%clk 1:00:51]} Nc6 {[%clk 0:22:42]} 26. Ra1
{[%clk 1:00:31]} Rcd8 {[%clk 0:21:24]} 27. Bc5 {[%clk 0:58:43]} Nd7
{[%clk 0:17:39]} 28. Bb6 {[%clk 0:58:27]} Nxb6 {[%clk 0:17:40]} 29. axb6
{[%clk 0:58:50]} Nxd4 {[%clk 0:17:30]} 30. Rxa6 {[%clk 0:58:23]} Nc6
{[%clk 0:14:20]} 31. Nb5 {[%clk 0:57:22]} Bb7 {[%clk 0:14:15]} 32. Ra4
{[%clk 0:57:17]} Re6 {[%clk 0:11:35]} 33. Nf3 {[%clk 0:52:58]} Bf6
{[%clk 0:10:30]} 34. Bf1 {[%clk 0:46:39]} Nb8 {[%clk 0:09:10]} 35. g3
{[%clk 0:42:05]} Rxb6 {[%clk 0:09:01]} 36. Nfd4 {[%clk 0:42:20]} Nc6
{[%clk 0:08:10]} 37. Bg2 {[%clk 0:42:28]} Nxd4 {[%clk 0:07:42]} 38. Nxd4
{[%clk 0:42:52]} Rb2 {[%clk 0:07:15]} 39. Bf3 {[%clk 0:42:25]} Rc8
{[%clk 0:06:24]} 40. Kg2 {[%clk 0:39:56]} c3 {[%clk 0:04:38]} 41. Rc1
{[%clk 0:40:13]} Kg7 {[%clk 0:02:04]} 42. Kf1 {[%clk 0:36:46]} Rc5
{[%clk 0:02:02]} 43. Ke1 {[%clk 0:37:00]} Bc8 {[%clk 0:01:57]} 44. Be2
{[%clk 0:37:02]} Bd7 45. Ra7 {[%clk 0:36:53]} Bc8 {[%clk 0:01:35]} 46. Ra3
{[%clk 0:36:53]} c2 {[%clk 0:00:56]} 47. Kd2 {[%clk 0:37:15]} Be7
{[%clk 0:00:58]} 48. Rc3 {[%clk 0:36:46]} Be6 {[%clk 0:00:34]} 49. R1xc2
{[%clk 0:36:25]} Rxc2+ {[%clk 0:00:47]} 50. Kxc2 {[%clk 0:36:47]} Kf6
{[%clk 0:00:38]} 51. Bb5 {[%clk 0:34:52]} Rxc3+ {[%clk 0:00:43]} 52. Kxc3
{[%clk 0:35:14]} Bc5 {[%clk 0:00:55]} 53. Bd3 {[%clk 0:35:08]} Bd7
{[%clk 0:00:46]} 54. Bc2 {[%clk 0:35:22]} Ke7 {[%clk 0:00:45]} 55. Bb3
{[%clk 0:34:55]} Kd6 {[%clk 0:00:59]} 56. Ne2 {[%clk 0:34:34]} Be6
{[%clk 0:01:06]} 57. Nd4 {[%clk 0:33:35]} Bd7 {[%clk 0:01:25]} 58. Kd3
{[%clk 0:33:51]} Bc8 {[%clk 0:01:11]} 59. Ke2 {[%clk 0:32:13]} Bg4+
{[%clk 0:00:50]} 60. f3 {[%clk 0:32:07]} Bc8 {[%clk 0:00:56]} 61. f4
{[%clk 0:31:37]} Bg4+ {[%clk 0:00:38]} 62. Kf2 {[%clk 0:31:31]} Bd7
{[%clk 0:00:33]} 63. Bd1 {[%clk 0:31:23]} Bc8 {[%clk 0:00:32]} 64. Ba4
{[%clk 0:30:41]} Be6 {[%clk 0:00:35]} 65. Bb5 {[%clk 0:29:57]} Bg4
{[%clk 0:00:44]} 66. Be8 {[%clk 0:29:56]} Ke7 {[%clk 0:01:01]} 67. Ba4
{[%clk 0:29:14]} Be6 {[%clk 0:01:01]} 68. Bc2 {[%clk 0:28:58]} Bg4
{[%clk 0:01:08]} 69. Nc6+ {[%clk 0:27:48]} Kf6 {[%clk 0:01:07]} 70. Bb3
{[%clk 0:27:13]} Be6 {[%clk 0:01:22]} 71. Ke2 {[%clk 0:27:05]} Bg4+
{[%clk 0:01:24]} 72. Kf2 {[%clk 0:26:41]} Be6 {[%clk 0:01:43]} 73. Nd4
{[%clk 0:27:02]} Ke7 {[%clk 0:02:02]} 74. Kg2 {[%clk 0:26:52]} Kd6
{[%clk 0:02:12]} 75. Nxe6 {[%clk 0:26:42]} fxe6 {[%clk 0:00:59]} 76. Bc2
{[%clk 0:26:14]} Bxe3 {[%clk 0:01:21]} 77. Bxg6 {[%clk 0:26:30]} e5
{[%clk 0:00:42]} 78. f5 {[%clk 0:26:12]} Ke7 {[%clk 0:00:36]} 79. Bxh5
{[%clk 0:26:31]} e4 {[%clk 0:00:33]} 80. g4 {[%clk 0:26:36]} Bd2 {[%clk 0:00:37]}
81. g5 {[%clk 0:26:57]} Bc3 {[%clk 0:00:48]} 82. Bd1 {[%clk 0:26:29]} Be1
{[%clk 0:00:34]} 83. Kh3 {[%clk 0:25:59]} Kd6 {[%clk 0:00:35]} 84. Kg4
{[%clk 0:26:14]} Ke5 {[%clk 0:00:47]} 85. h5 {[%clk 0:26:35]} Kd6
{[%clk 0:00:31]} 86. h6 {[%clk 0:26:48]} 1-0

[Event "TICF"]
[Site "FAMALICAO"]
[Date "2023.07.26"]
[Round "4.2"]
[White "RODRIGUEZ LOPEZ, Rafael"]
[Black "PETKOV, Vladimir"]
[Result "0-1"]
[BlackElo "2464"]
[WhiteElo "2182"]
[LiveChessVersion "1.4.8"]

1. d4 {[%clk 1:30:57]} Nf6 {[%clk 1:26:49]} 2. c4 {[%clk 1:31:20]} Nc6
{[%clk 1:26:33]} 3. Nf3 {[%clk 1:31:03]} e6 {[%clk 1:26:33]} 4. g3
{[%clk 1:30:13]} Bb4+ {[%clk 1:24:40]} 5. Bd2 {[%clk 1:30:29]} Qe7
{[%clk 1:24:36]} 6. Nc3 {[%clk 1:30:46]} d5 {[%clk 1:20:56]} 7. a3
{[%clk 1:25:52]} Bxc3 {[%clk 1:13:14]} 8. Bxc3 {[%clk 1:26:14]} Ne4
{[%clk 1:12:52]} 9. Qc2 {[%clk 1:25:42]} O-O {[%clk 1:09:48]} 10. Bg2
{[%clk 1:26:00]} a5 {[%clk 1:08:56]} 11. b3 {[%clk 1:25:46]} a4 {[%clk 1:06:44]}
12. b4 {[%clk 1:25:11]} b5 {[%clk 0:53:40]} 13. cxb5 {[%clk 1:22:55]} Na7
{[%clk 0:51:03]} 14. Bb2 {[%clk 1:23:05]} Nxb5 {[%clk 0:50:11]} 15. O-O
{[%clk 1:22:58]} Nbd6 {[%clk 0:48:06]} 16. Ne5 {[%clk 1:22:38]} Ba6
{[%clk 0:47:37]} 17. f3 {[%clk 1:22:19]} Nf6 {[%clk 0:47:58]} 18. Rfe1
{[%clk 1:21:06]} Bb5 {[%clk 0:44:25]} 19. e4 {[%clk 1:17:39]} c6 {[%clk 0:38:13]}
20. Rac1 {[%clk 1:13:14]} Qb7 {[%clk 0:28:21]} 21. Nd3 {[%clk 1:11:34]} Nd7
{[%clk 0:21:43]} 22. e5 {[%clk 1:09:16]} Bxd3 {[%clk 0:13:41]} 23. Qxd3
{[%clk 1:09:38]} Nb5 24. Bf1 {[%clk 1:09:04]} Nb6 {[%clk 0:11:47]} 25. Qc2
{[%clk 1:09:02]} Rac8 {[%clk 0:11:53]} 26. Bd3 {[%clk 1:09:16]} h6
{[%clk 0:12:09]} 27. Qe2 {[%clk 1:07:11]} Nd7 {[%clk 0:11:27]} 28. Bc2
{[%clk 1:03:54]} Qa7 {[%clk 0:09:51]} 29. Qd3 {[%clk 1:04:14]} f5
{[%clk 0:10:01]} 30. exf6 {[%clk 1:04:00]} Rxf6 {[%clk 0:10:27]} 31. f4
{[%clk 0:59:31]} g6 {[%clk 0:08:09]} 32. Kg2 {[%clk 0:59:38]} Nb6
{[%clk 0:08:06]} 33. Rcd1 {[%clk 0:57:49]} Nc4 {[%clk 0:07:40]} 34. Bc1
{[%clk 0:58:03]} Rcf8 {[%clk 0:07:10]} 35. Re2 {[%clk 0:55:33]} Ncd6
{[%clk 0:06:20]} 36. Be3 {[%clk 0:53:18]} Ne4 {[%clk 0:05:21]} 37. Ree1
{[%clk 0:53:02]} g5 {[%clk 0:05:39]} 38. Rf1 {[%clk 0:52:25]} Qg7
{[%clk 0:04:41]} 39. Kh1 {[%clk 0:35:29]} Qg6 {[%clk 0:05:03]} 40. Rc1
{[%clk 0:33:56]} Qh5 {[%clk 0:04:29]} 41. Kg1 {[%clk 0:33:26]} Nbc3
{[%clk 0:02:22]} 42. Rce1 {[%clk 0:32:40]} Qh3 {[%clk 0:02:30]} 43. fxg5
{[%clk 0:31:31]} hxg5 {[%clk 0:02:30]} 44. Rxf6 {[%clk 0:31:37]} Rxf6
{[%clk 0:02:55]} 45. Rf1 {[%clk 0:31:27]} Rh6 {[%clk 0:03:06]} 46. Rf3
{[%clk 0:30:22]} Qxh2+ {[%clk 0:03:14]} 47. Kf1 {[%clk 0:30:47]} Qh1+
{[%clk 0:02:43]} 48. Bg1 {[%clk 0:31:10]} Rh2 {[%clk 0:02:14]} 0-1

[Event "TICF"]
[Site "FAMALICAO"]
[Date "2023.07.26"]
[Round "4.3"]
[White "PADEIRO, Jose"]
[Black "SRINATH, Rao"]
[Result "1/2-1/2"]
[BlackElo "2287"]
[WhiteElo "2125"]
[LiveChessVersion "1.4.8"]

1. c4 {[%clk 1:29:25]} Nf6 {[%clk 1:30:48]} 2. Nc3 {[%clk 1:29:34]} g6
{[%clk 1:31:13]} 3. d4 {[%clk 1:29:53]} Bg7 {[%clk 1:31:37]} 4. Nf3
{[%clk 1:30:19]} d6 {[%clk 1:31:41]} 5. Bg5 {[%clk 1:30:38]} h6 {[%clk 1:30:48]}
6. Bh4 {[%clk 1:29:35]} g5 {[%clk 1:31:12]} 7. Bg3 {[%clk 1:30:01]} Nh5
{[%clk 1:31:37]} 8. e3 {[%clk 1:29:24]} c5 {[%clk 1:31:39]} 9. dxc5
{[%clk 1:25:00]} Nxg3 {[%clk 1:31:57]} 10. hxg3 {[%clk 1:25:22]} dxc5
{[%clk 1:32:23]} 11. Qxd8+ {[%clk 1:24:51]} Kxd8 {[%clk 1:32:48]} 12. O-O-O+
{[%clk 1:24:01]} Bd7 {[%clk 1:33:11]} 13. Bd3 {[%clk 1:14:37]} Nc6
{[%clk 1:33:11]} 14. g4 {[%clk 1:06:00]} Bxc3 {[%clk 1:30:44]} 15. bxc3
{[%clk 1:06:22]} Kc7 {[%clk 1:31:10]} 16. Bf5 {[%clk 1:01:50]} e6
{[%clk 1:10:43]} 17. Bd3 {[%clk 0:57:26]} f6 {[%clk 0:55:06]} 18. Rh2
{[%clk 0:54:02]} e5 {[%clk 0:46:13]} 19. Rdh1 {[%clk 0:54:08]} Bxg4
{[%clk 0:45:02]} 20. Rxh6 {[%clk 0:54:31]} Rxh6 {[%clk 0:44:32]} 21. Rxh6
{[%clk 0:54:55]} Rd8 {[%clk 0:44:04]} 22. Be4 {[%clk 0:49:18]} Bxf3
{[%clk 0:40:25]} 1/2-1/2

[Event "TICF"]
[Site "FAMALICAO"]
[Date "2023.07.26"]
[Round "4.4"]
[White "RIBEIRO, Fernando"]
[Black "VASQUES, Antonio"]
[Result "1-0"]
[BlackElo "2223"]
[WhiteElo "2119"]
[LiveChessVersion "1.4.8"]

1. e4 {[%clk 1:30:56]} c5 {[%clk 1:30:30]} 2. Nf3 {[%clk 1:31:21]} d6
{[%clk 1:30:22]} 3. d4 {[%clk 1:31:33]} Nf6 {[%clk 1:30:41]} 4. Nc3
{[%clk 1:31:12]} cxd4 {[%clk 1:31:06]} 5. Qxd4 {[%clk 1:31:02]} e5 6. Bb5+
{[%clk 1:28:56]} Nbd7 {[%clk 1:24:10]} 7. Qd3 {[%clk 1:28:40]} h6 8. Nd2 a6
{[%clk 1:12:38]} 9. Bxd7+ {[%clk 1:24:06]} Bxd7 10. Nc4 {[%clk 1:23:14]} Be6
{[%clk 1:13:07]} 11. Ne3 {[%clk 1:22:57]} Rc8 {[%clk 0:58:23]} 12. O-O
{[%clk 1:14:43]} Be7 {[%clk 0:57:23]} 13. Rd1 {[%clk 1:14:43]} O-O
{[%clk 0:53:21]} 14. Ncd5 {[%clk 0:55:53]} Nxd5 {[%clk 0:39:32]} 15. Nxd5
{[%clk 0:55:12]} Bg5 {[%clk 0:33:58]} 16. Bxg5 {[%clk 0:50:47]} Qxg5
{[%clk 0:31:59]} 17. Ne3 {[%clk 0:46:57]} Rc6 18. Rd2 {[%clk 0:44:22]} g6
{[%clk 0:29:17]} 19. Rad1 {[%clk 0:44:22]} f5 {[%clk 0:20:54]} 20. f3
{[%clk 0:38:46]} fxe4 {[%clk 0:12:11]} 21. fxe4 {[%clk 0:38:38]} Rf3
{[%clk 0:12:10]} 22. Re1 {[%clk 0:38:33]} Bc4 {[%clk 0:10:20]} 23. Qa3
{[%clk 0:38:43]} b5 {[%clk 0:10:13]} 24. b4 {[%clk 0:36:44]} a5 {[%clk 0:09:39]}
25. Kh1 {[%clk 0:36:18]} axb4 {[%clk 0:09:55]} 26. Qa8+ {[%clk 0:36:33]} Rf8
{[%clk 0:10:23]} 27. Qxc6 {[%clk 0:36:41]} Qxe3 {[%clk 0:10:50]} 28. Rdd1
{[%clk 0:36:35]} Qg5 {[%clk 0:10:32]} 29. Rxd6 {[%clk 0:33:11]} Kg7
{[%clk 0:10:27]} 30. Rd7+ {[%clk 0:32:53]} Kg8 {[%clk 0:10:28]} 31. Qc7
{[%clk 0:30:49]} Qf6 {[%clk 0:04:44]} 32. Rg1 Bf1 {[%clk 0:04:44]} 33. Rd2
{[%clk 0:26:43]} Qf4 34. Qd6 {[%clk 0:25:55]} Rf6 {[%clk 0:05:02]} 35. Qxb4
{[%clk 0:25:52]} h5 {[%clk 0:02:54]} 36. Rd8+ {[%clk 0:25:28]} Kg7
{[%clk 0:03:19]} 37. Rd7+ {[%clk 0:25:28]} Kh8 {[%clk 0:03:25]} 38. Qd2
{[%clk 0:23:27]} h4 {[%clk 0:03:23]} 39. Qxf4 {[%clk 0:23:27]} Rxf4
{[%clk 0:03:26]} 40. h3 {[%clk 0:22:00]} g5 {[%clk 0:03:26]} 41. Rd5
{[%clk 0:21:46]} g4 {[%clk 0:02:55]} 42. hxg4 {[%clk 0:22:02]} h3
{[%clk 0:03:20]} 43. gxh3 {[%clk 0:21:46]} Rf3 {[%clk 0:03:48]} 44. Rxf1
{[%clk 0:21:54]} Rxf1+ {[%clk 0:04:14]} 45. Kg2 {[%clk 0:22:18]} Rc1
{[%clk 0:04:22]} 46. Rxe5 {[%clk 0:22:37]} Rxc2+ {[%clk 0:04:36]} 47. Kg3
{[%clk 0:23:01]} b4 {[%clk 0:05:04]} 48. Rb5 {[%clk 0:23:19]} Rc3+
{[%clk 0:04:28]} 49. Kh4 {[%clk 0:23:28]} 1-0

[Event "TICF"]
[Site "FAMALICAO"]
[Date "2023.07.26"]
[Round "4.5"]
[White "KHAMRAKULOV, Ibragim"]
[Black "RIBEIRO, Rodrigo"]
[Result "0-1"]
[BlackElo "1903"]
[WhiteElo "2413"]
[LiveChessVersion "1.4.8"]

1. e4 c5 {[%clk 1:29:06]} 2. Nf3 {[%clk 1:30:14]} e6 {[%clk 1:29:27]} 3. c3
{[%clk 1:29:31]} Nf6 {[%clk 1:29:27]} 4. e5 {[%clk 1:29:31]} Nd5 {[%clk 1:29:27]}
5. Bc4 {[%clk 1:29:31]} Nb6 {[%clk 1:29:27]} 6. Bb3 {[%clk 1:29:31]} c4
{[%clk 1:29:27]} 7. Bc2 {[%clk 1:29:31]} Nc6 {[%clk 1:29:27]} 8. d4
{[%clk 1:29:31]} cxd3 {[%clk 1:29:27]} 9. Qxd3 {[%clk 1:29:31]} d6
{[%clk 1:19:35]} 10. Bg5 Nxe5 11. Nxe5 {[%clk 1:24:48]} Qxg5 {[%clk 1:19:56]} 12.
Nf3 {[%clk 1:25:13]} Qc1+ 13. Bd1 Nd5 14. Nd4 Qg5 15. Nb3 a5 16. a4 0-1

[Event "TICF"]
[Site "FAMALICAO"]
[Date "2023.07.26"]
[Round "4.6"]
[White "MONTEIRO, Jose"]
[Black "MORENO, Alejandro"]
[Result "0-1"]
[BlackElo "2343"]
[WhiteElo "1831"]
[LiveChessVersion "1.4.8"]

1. e4 c6 2. d4 d5 3. e5 Bf5 4. Nf3 e6 5. Be2 c5 6. c3 Nc6 7. Bb5 Qb6 8. Ba4 Bg4
9. O-O Bxf3 10. gxf3 Nh6 11. dxc5 Bxc5 12. b4 Be7 13. Be3 Qc7 14. b5 Nf5 15. bxc6
bxc6 16. f4 O-O 17. Nd2 f6 18. Nf3 c5 19. Bc2 fxe5 20. Nxe5 Bd6 21. Bxf5 Rxf5 22.
Qg4 Bxe5 23. fxe5 Qxe5 24. Rfe1 Qd6 25. Rab1 Rf7 26. Rb5 Rc8 27. Reb1 Rf6 28. Qh3
Rg6+ 29. Kf1 d4 30. cxd4 cxd4 31. Bd2 Qc6 32. f3 Qc2 33. R5b2 Qd3+ 34. Kf2 h6 35.
Qf1 Qf5 36. Rb8 Rxb8 37. Rxb8+ Kh7 38. Qc4 Qe5 0-1

[Event "TICF"]
[Site "FAMALICAO"]
[Date "2023.07.26"]
[Round "4.7"]
[White "PEIN, Malcolm"]
[Black "RIBEIRO, Gustavo"]
[Result "0-1"]
[BlackElo "1876"]
[WhiteElo "2303"]
[LiveChessVersion "1.4.8"]

1. Nf3 d5 2. c4 d4 3. b4 Bg4 4. Qb3 Nf6 5. Bb2 Bxf3 6. Qxf3 c6 7. g3 e5 8. Qb3
Nbd7 9. Bg2 a5 10. a3 Qb6 11. f4 axb4 12. fxe5 Nxe5 13. O-O Nfd7 14. Rf4 Bc5 15.
axb4 Rxa1 16. Bxa1 O-O 17. d3 Ng6 18. Rf1 Bxb4 19. Na3 Bxa3 20. Qxa3 Re8 21. Qd6
Qd8 22. Qxd4 f6 23. Rb1 Rxe2 24. Rxb7 Nge5 25. Bc3 Qc8 26. Rb2 Rxb2 27. Bxb2 Qa6
28. Qc3 Qb6+ 0-1

[Event "TICF"]
[Site "FAMALICAO"]
[Date "2023.07.26"]
[Round "4.9"]
[White "VELEIRINHO, Tomas"]
[Black "GONCALVES, Samuel"]
[Result "0-1"]
[BlackElo "2033"]
[WhiteElo "1787"]
[LiveChessVersion "1.4.8"]

1. e4 c5 2. Nf3 Nf6 3. d4 cxd4 4. Nxd4 a6 5. Nc3 e5 6. Nb3 Bb4 7. Bd2 O-O 8. Bd3
Bxc3 9. Bxc3 d5 10. Bxe5 Re8 11. Bd4 dxe4 12. Be2 Nc6 13. O-O Be6 14. Be3 Nd5 15.
Qc1 Rc8 16. c3 Qc7 17. Rd1 Rcd8 18. Nd4 Nxd4 19. Rxd4 f5 20. c4 Ne7 21. Rxd8 Rxd8
22. Bg5 Rd4 23. Bxe7 Qxe7 24. Qc3 Qd7 25. g3 Rd2 26. Bf1 Qd4 27. Qxd4 Rxd4 28. b3
Kf7 29. Re1 g5 30. Kg2 f4 31. gxf4 gxf4 32. Kg1 Kf6 33. c5 Bd5 34. Ra1 Rd2 35.
Rc1 Rxa2 36. Bc4 Ke5 37. Rd1 Bc6 38. Rd8 Ra1+ 39. Kg2 e3+ 0-1

[Event "TICF"]
[Site "FAMALICAO"]
[Date "2023.07.26"]
[Round "4.10"]
[White "ROMANO, Joao"]
[Black "ALMEIDA, Joao Pedro"]
[Result "1-0"]
[BlackElo "1827"]
[WhiteElo "2027"]
[LiveChessVersion "1.4.8"]

1. c4 {[%clk 1:30:51]} Nf6 {[%clk 1:30:47]} 2. Nc3 {[%clk 1:30:41]} e6
{[%clk 1:31:06]} 3. g3 {[%clk 1:29:27]} Bb4 {[%clk 1:31:06]} 4. e4
{[%clk 1:23:42]} e5 {[%clk 1:29:36]} 5. Bg2 {[%clk 1:23:23]} O-O {[%clk 1:29:36]}
6. Nge2 {[%clk 1:22:26]} d6 {[%clk 1:28:32]} 7. O-O {[%clk 1:22:09]} Bxc3
{[%clk 1:23:16]} 8. h3 {[%clk 1:17:26]} Be6 {[%clk 1:23:04]} 9. Nxc3
{[%clk 1:17:04]} Qd7 {[%clk 1:23:09]} 10. d3 {[%clk 1:17:15]} Nc6
{[%clk 1:23:09]} 11. Kh2 {[%clk 1:17:15]} Ne8 {[%clk 1:23:17]} 12. f4
{[%clk 1:00:24]} f5 {[%clk 1:20:04]} 13. exf5 {[%clk 1:00:38]} Bxf5
{[%clk 1:19:46]} 14. g4 {[%clk 1:01:01]} Be6 {[%clk 1:19:26]} 15. f5
{[%clk 1:01:25]} Bf7 {[%clk 1:19:11]} 16. g5 {[%clk 0:50:45]} Nd4
{[%clk 1:18:04]} 17. Bxb7 {[%clk 0:49:13]} Rb8 {[%clk 1:18:27]} 18. Be4
{[%clk 0:49:37]} g6 {[%clk 1:16:16]} 19. f6 {[%clk 0:48:24]} c6 {[%clk 1:15:48]}
20. b3 {[%clk 0:47:37]} d5 {[%clk 1:14:55]} 21. Bg2 {[%clk 0:47:33]} Nc7
{[%clk 1:14:40]} 22. Ne2 {[%clk 0:34:32]} Nf5 {[%clk 1:12:08]} 23. Ng3
{[%clk 0:32:55]} Nh4 {[%clk 1:09:29]} 24. Ba3 {[%clk 0:31:01]} Rfe8
{[%clk 1:08:55]} 25. Be7 {[%clk 0:29:42]} Be6 {[%clk 1:06:09]} 26. Rh1
{[%clk 0:25:01]} Bf5 {[%clk 1:05:08]} 27. Nxf5 {[%clk 0:23:38]} Nxf5
{[%clk 1:04:45]} 28. Qg4 {[%clk 0:23:18]} Ne6 {[%clk 1:04:11]} 29. Rae1
{[%clk 0:22:44]} Nxe7 {[%clk 0:52:56]} 30. fxe7 {[%clk 0:23:08]} Rxe7
{[%clk 0:52:51]} 31. Rxe5 {[%clk 0:22:01]} Qd6 {[%clk 0:51:48]} 32. Qg3
{[%clk 0:21:50]} Nd4 {[%clk 0:51:11]} 33. Rxe7 {[%clk 0:21:58]} Qxg3+
{[%clk 0:51:34]} 34. Kxg3 {[%clk 0:22:24]} Nf5+ {[%clk 0:52:00]} 35. Kf4
{[%clk 0:21:19]} Nxe7 {[%clk 0:52:25]} 36. Ke5 {[%clk 0:20:24]} Rd8
{[%clk 0:51:16]} 37. cxd5 {[%clk 0:17:34]} Nxd5 {[%clk 0:51:10]} 38. Be4
{[%clk 0:17:55]} Nb4 {[%clk 0:50:50]} 39. Rc1 {[%clk 0:15:09]} Rxd3
{[%clk 0:49:42]} 40. Rc4 {[%clk 0:15:01]} Rd8 41. Rc3 1-0

[Event "TICF"]
[Site "FAMALICAO"]
[Date "2023.07.26"]
[Round "4.11"]
[White "FERNANDES, Antonio"]
[Black "GAGO, Daniel"]
[Result "1-0"]
[BlackElo "1555"]
[WhiteElo "2337"]
[LiveChessVersion "1.4.8"]

1. d4 d5 {[%clk 1:26:20]} 2. Bg5 {[%clk 1:29:39]} c6 {[%clk 1:26:20]} 3. c4
{[%clk 1:29:39]} Nd7 {[%clk 1:26:20]} 4. Nc3 {[%clk 1:29:39]} h6 {[%clk 1:26:20]}
5. Bh4 {[%clk 1:29:39]} Ngf6 {[%clk 1:26:20]} 6. e3 {[%clk 1:29:39]} e6
{[%clk 1:26:20]} 7. Bd3 {[%clk 1:29:39]} Qa5 {[%clk 1:24:17]} 8. Qd2
{[%clk 1:27:46]} Bb4 {[%clk 1:23:31]} 9. Nge2 {[%clk 1:28:09]} O-O
{[%clk 1:23:17]} 10. O-O {[%clk 1:23:22]} c5 {[%clk 1:11:07]} 11. cxd5
{[%clk 1:23:22]} Nxd5 {[%clk 1:10:26]} 12. e4 {[%clk 1:16:00]} Bxc3
{[%clk 0:57:22]} 13. bxc3 {[%clk 1:16:03]} N5f6 {[%clk 0:57:19]} 14. Qe3
{[%clk 1:09:49]} b6 {[%clk 0:52:51]} 15. e5 {[%clk 1:05:01]} cxd4
{[%clk 0:49:24]} 16. cxd4 {[%clk 1:04:00]} Nd5 {[%clk 0:49:33]} 17. Qe4
{[%clk 1:03:54]} g6 {[%clk 0:50:01]} 18. Nf4 {[%clk 1:02:55]} Nxf4
{[%clk 0:45:08]} 19. Qxf4 {[%clk 1:03:20]} Kh7 {[%clk 0:45:21]} 20. Be4
{[%clk 1:02:54]} Rb8 {[%clk 0:45:33]} 21. Be7 {[%clk 1:03:01]} 1-0

[Event "TICF"]
[Site "FAMALICAO"]
[Date "2023.07.26"]
[Round "4.12"]
[White "LACHEVER, Diogo"]
[Black "MONTEIRO, Paulo"]
[Result "0-1"]
[BlackElo "2090"]
[WhiteElo "1536"]
[LiveChessVersion "1.4.8"]

1. d4 Nf6 2. c4 e6 3. g3 c5 4. d5 exd5 5. cxd5 b5 6. Bg2 d6 7. e4 g6 8. e5 dxe5
9. Qe2 Nbd7 10. Qxb5 Rb8 11. Qe2 Qb6 12. Nf3 Ba6 13. Qd1 e4 14. Ng5 Ne5 15. Bf1
Nd3+ 16. Bxd3 Bxd3 17. f3 Bg7 18. fxe4 Qb4+ 19. Nc3 Bxe4 20. Ngxe4 Nxe4 21. O-O
O-O 22. Nxe4 Qxe4 23. Qf3 Qc4 24. Bf4 Rxb2 25. Rfc1 Bd4+ 26. Kh1 Qb5 27. Bh6 Rf2
28. Qd1 Qd7 29. Bxf8 Qxd5+ 30. Kg1 Qg2# 0-1

[Event "TICF"]
[Site "FAMALICAO"]
[Date "2023.07.26"]
[Round "4.13"]
[White "COSTA, Paulo"]
[Black "CARVALHO, Vitor"]
[Result "1-0"]
[BlackElo "1472"]
[WhiteElo "2037"]
[LiveChessVersion "1.4.8"]

1. d4 Nf6 2. Nf3 e6 3. Bf4 {[%clk 1:26:52]} Nc6 {[%clk 1:26:40]} 4. a3
{[%clk 1:26:13]} d5 {[%clk 1:25:04]} 5. e3 {[%clk 1:26:15]} Bd6 6. Bg3
{[%clk 1:25:53]} O-O {[%clk 1:22:11]} 7. Nbd2 {[%clk 1:26:16]} b6
{[%clk 1:15:40]} 8. Bd3 {[%clk 1:24:46]} Bb7 {[%clk 1:15:43]} 9. Ne5
{[%clk 1:23:25]} Ne7 {[%clk 1:12:29]} 10. f4 {[%clk 1:12:59]} c5 {[%clk 1:10:48]}
11. c3 {[%clk 1:13:23]} Rc8 {[%clk 1:07:24]} 12. Qf3 {[%clk 1:08:54]} cxd4
{[%clk 1:03:04]} 13. exd4 {[%clk 1:00:29]} Kh8 {[%clk 0:59:38]} 14. h4
{[%clk 0:58:32]} h5 {[%clk 0:49:35]} 15. Bf2 {[%clk 0:57:34]} Bxe5
{[%clk 0:47:45]} 16. fxe5 {[%clk 0:57:47]} Ng4 {[%clk 0:45:59]} 17. Qe2
{[%clk 0:49:48]} f6 {[%clk 0:42:56]} 18. exf6 {[%clk 0:45:23]} Rxf6
{[%clk 0:42:01]} 19. Nf3 {[%clk 0:45:01]} Nxf2 {[%clk 0:36:26]} 20. Qxf2
{[%clk 0:45:20]} Nf5 {[%clk 0:31:48]} 21. O-O-O {[%clk 0:43:53]} Nd6
{[%clk 0:25:26]} 22. Qe2 {[%clk 0:43:41]} Ne4 {[%clk 0:22:33]} 23. Ng5
{[%clk 0:37:45]} Ng3 {[%clk 0:18:30]} 24. Qe5 {[%clk 0:30:51]} Qc7
{[%clk 0:14:29]} 25. Qxc7 {[%clk 0:29:23]} Rxc7 {[%clk 0:14:51]} 26. Rh3
{[%clk 0:27:15]} Ne4 {[%clk 0:14:15]} 27. Bxe4 {[%clk 0:26:38]} dxe4
{[%clk 0:14:37]} 28. Re3 {[%clk 0:26:50]} Bd5 {[%clk 0:14:13]} 29. Rde1
{[%clk 0:24:31]} Rf4 {[%clk 0:07:51]} 30. g3 {[%clk 0:21:24]} Rg4
{[%clk 0:07:48]} 31. Kd2 {[%clk 0:17:51]} Kg8 {[%clk 0:07:52]} 32. Ke2
{[%clk 0:17:50]} Rc8 {[%clk 0:07:52]} 33. Kf2 {[%clk 0:17:54]} Kf8
{[%clk 0:07:16]} 34. Nxe4 {[%clk 0:16:24]} Ke7 {[%clk 0:04:34]} 35. Ng5
{[%clk 0:16:37]} Rf8+ {[%clk 0:04:54]} 36. Kg1 {[%clk 0:16:51]} Rf6
{[%clk 0:04:49]} 37. Rf1 {[%clk 0:15:58]} Kd6 {[%clk 0:03:41]} 38. Nf7+
{[%clk 0:13:52]} Ke7 {[%clk 0:03:13]} 39. Ne5 {[%clk 0:13:28]} Re4
{[%clk 0:03:07]} 40. Rfe1 {[%clk 0:13:22]} Rxe3 {[%clk 0:03:06]} 41. Rxe3
{[%clk 0:13:50]} Kd6 {[%clk 0:02:25]} 42. c4 {[%clk 0:12:40]} Bb7
{[%clk 0:02:23]} 43. Nd3 {[%clk 0:12:08]} Rf3 {[%clk 0:02:19]} 44. Rxf3
{[%clk 0:12:09]} Bxf3 {[%clk 0:02:42]} 45. Kf2 {[%clk 0:12:32]} Bg4
{[%clk 0:02:16]} 46. Ke3 {[%clk 0:12:44]} Bf5 {[%clk 0:02:13]} 47. b4
{[%clk 0:12:24]} g6 {[%clk 0:01:53]} 48. Ne5 {[%clk 0:12:16]} Bb1
{[%clk 0:01:47]} 49. Kf4 {[%clk 0:10:57]} Bc2 {[%clk 0:01:07]} 50. Kg5
{[%clk 0:09:20]} b5 {[%clk 0:01:01]} 51. c5+ {[%clk 0:07:59]} Kd5
{[%clk 0:00:44]} 52. Nxg6 {[%clk 0:07:59]} Kxd4 53. Nf4 {[%clk 0:04:43]} e5
{[%clk 0:00:52]} 54. Nxh5 {[%clk 0:05:08]} Be4 {[%clk 0:00:38]} 55. Nf6
{[%clk 0:05:28]} Bc6 {[%clk 0:00:46]} 56. h5 {[%clk 0:05:08]} e4 {[%clk 0:00:37]}
57. Nxe4 {[%clk 0:03:31]} Bxe4 {[%clk 0:00:49]} 58. h6 {[%clk 0:03:55]} Ke5
{[%clk 0:00:33]} 59. g4 {[%clk 0:03:26]} a6 {[%clk 0:00:53]} 60. c6
{[%clk 0:03:44]} Kd6 {[%clk 0:00:41]} 61. Kf6 {[%clk 0:04:00]} Kxc6
{[%clk 0:00:35]} 62. g5 {[%clk 0:04:23]} 1-0